000 00994nam a2200253Ia 4500
003 OSt
005 20220930094913.0
006 a|||||r|||| 00| 0
007 ta
008 220926b |||||||| |||| 00| 0 hin d
024 _a35287
037 _cTheses
040 _aCRL
_cCRL
_bhin
041 _2hin
_ahin
100 _aअभिषेक कुमार, ले.
110 _aदिल्ली विश्वविद्यालय. कला संकाय. हिन्दी
_9556685
245 0 _aहिंदी दलित साहित्य और राजनीति का अंतस्संबंध।
246 _aHiandī dalit sāhitya aur rājanīti kā aantassanbandha।
260 _c2016
300 _a321पृ.
_ap.
_ccm.
700 _aदिल्ली विश्वविद्यालय. कला संकाय. हिन्दी
_9556686
942 _cDIS
_2CC
999 _c887912
_d887912